Missing Word: 'B' US History Quiz Stats

 Plays Quiz Updated Jan 12, 2016

Challenge
Share
Tweet
Embed
Score 0/30 Timer 03:00
1 Play Today
Hint Answer % Correct
____ Tea Party - 1773Boston
99.7%
____ Franklin - US founding fatherBenjamin
97.8%
____ of Rights - ratified 1791Bill
97.5%
____ Obama - US PresidentBarack
96.3%
____ Ruth - baseball playerBabe
95.6%
Sitting ____ - Lakota chiefBull
94.2%
____ of Pigs Invasion - 1961Bay
93.3%
____ T. Washington - educatorBooker
92.2%
Dust ____ - 1930s environmental disasterBowl
91.8%
Battle of ____ Hill - 1775Bunker
86.1%
____ Ross - attributed flag makerBetsy
85.4%
Harriet ____ Stowe - abolitionist authorBeecher
83.9%
Aaron ____ - US Vice PresidentBurr
82.6%
____ Young - Mormon leaderBrigham
80.5%
____ Bill Cody - cowboy showmanBuffalo
80.2%
Hint Answer % Correct
____ Hawk War - 1832Black
78.2%
W.E.B. Du ____ - civil rights activistBois
75.5%
____ v. Board of Education - 1954Brown
75.4%
Battle of the Little ____ - 1876Bighorn
70.4%
William Jennings ____ - populist politicianBryan
67.7%
____ Friedan - feminist writerBetty
67.6%
Montgomery Bus ____ - 1955-1956Boycott
63.2%
Letter from a ____ Jail - MLK open letter, 1963Birmingham
61.1%
Omar ____ - WWII generalBradley
53.2%
Olive ____ Petition - 1775Branch
50.9%
The ____ or the Bullet - Malcolm X speech, 1964Ballot
34.7%
____ Kansas - political confrontations, 1850sBleeding
29.4%
Kellogg-____ Pact - 1928Briand
16.4%
____ hooks - social activistbell
11.1%
____ School disaster - 1927Bath
4.3%

Today's Daily Dose

You're not logged in!

Compare scores with friends on all Sporcle quizzes.
OR
Log In

You Might Also Like...

Show Comments

Extras

Top Quizzes Today


Score Distribution

Your Account Isn't Verified!

In order to create a playlist on Sporcle, you need to verify the email address you used during registration. Go to your Sporcle Settings to finish the process.

Report this User

Report this user for behavior that violates our Community Guidelines.

Details: